[Event "Tata Steel India 2018-Rapid"]
[Site "Kolkata"]
[Date "2018.11.09"]
[Round "1"]
[White "Mamedyarov, Shakhriyar"]
[Black "Vidit, Santosh Gujrathi"]
[Result "1-0"]
[WhiteElo "2817"]
[BlackElo "2702"]
[Annotator "TA"]
[PlyCount "111"]
[EventDate "2018.11.09"]
[EventType "tourn"]
[EventCountry "IND"]
[SourceTitle "playchess.com"]
[Source "ChessBase"]
[SourceQuality "1"]

{[%evp 16,111,0,-20,-25,-10,-20,-13,-20,-27,-26,-16,-21,-17,-25,-32,0,0,74,52,47,40,41,37,43,31,50,44,44,31,52,20,16,0,0,0,39,43,99,96,105,95,189,102,129,129,130,131,132,137,129,125,126,19,25,8,8,8,8,8,8,8,60,60,60,8,11,11,12,8,8,8,8,11,12,20,45,30,30,30,153,153,465,391,1796,1651,1476,1397,1240,8,1141,1087,1119,999,29985,29986,29986,29987]} 1. d4 Nf6 2. c4 e6 3. a3 d5 4. Nc3 c5 5. e3 cxd4 6. exd4 Nc6 7. Nf3 Be7 8. c5 Ne4 9. Bd3 {LiveBook: 5 Partien. B14: Caro-Kann (Panow-Angriff)} (9. Qc2 Nxc3 10. Qxc3 a5 11. Bd3 O-O 12. b4 axb4 13. axb4 Rxa1 14. Qxa1 Nxb4 15. Bxh7+ Kxh7 16. Qb1+ Kg8 17. Qxb4 b6 18. Bf4 bxc5 19. dxc5 {0-1 (30) Vakhidov,J (2529)-Svidler,P (2751) Tbilisi 2017}) 9... Nxc3 10. bxc3 b6 11. cxb6 {Die Stellung ist ausgeglichen.} axb6 12. Qe2 Qc7 13. O-O O-O 14. a4 $146 ({Vorgänger:} 14. Bb2 Bf6 15. c4 Ba6 16. cxd5 Bxd3 17. Qxd3 exd5 {0-1 (70) Fauland,A (2425)-Brunner,L (2490) Switzerland 1992}) 14... Qa7 15. Ng5 g6 (15... Bxg5 {keeps more tension.} 16. Bxg5 Ba6 17. Rfd1 Bxd3 18. Rxd3 Qd7) 16. Rd1 h6 (16... Bd6 $11) 17. Nf3 Kg7 18. Ne5 Qc7 19. Nxc6 Qxc6 20. Qe5+ f6 $1 {[%cal Rf6e5]} 21. Qg3 $36 {[%mdl 2048] Weiss hat Initiative.} g5 22. Bb5 Qb7 23. Rb1 Bd7 24. Bxd7 Qxd7 25. Rxb6 Rfc8 26. h4 Rc6 ({Günstiger ist} 26... Bd8 $14 27. Rb1 Bc7) 27. Rxc6 $16 Qxc6 28. f4 {[%cal Rf4g5]} Qc7 (28... Qxa4 $16 {war angesagt.} 29. Re1 Bd6) 29. Re1 (29. Qh3 $18) 29... Rxa4 30. Qh3 {Und fxg5 würde nun gewinnen.} ({Doch nicht} 30. Rxe6 $6 Ra1 $11) 30... Ra6 31. hxg5 hxg5 32. Rf1 {Droht stark fxg5.} ({Keinesfalls} 32. Rxe6 $6 Ra1 $16) 32... Bd8 33. fxg5 fxg5 34. Qh5 (34. Qf3 $16 Qe7 35. Be3) 34... Ra1 $11 35. Bxg5 {Droht Matt per Lh6+.} Rxf1+ 36. Kxf1 {Dh6+ ist eine echte Drohung.} Bxg5 37. Qxg5+ {[%mdl 4096] Endspiel KD-KD} Kf7 38. Qh5+ Kf6 (38... Kg7 $1 $11) 39. Qh6+ $14 Kf5 $1 {[#]} 40. Qe3 (40. g4+ $1 $14 {[%mdl 512]} Kxg4 41. Qxe6+ Kh4 42. Qh6+ (42. Qxd5 Qxc3 43. Ke2 Kg4 $16) 42... Kg4 43. Qe3) 40... Qc4+ 41. Kf2 Kf6 $1 42. g4 {Droht De5+ und aus.} Qa2+ $1 43. Kg3 {Schwarz muss nun De5+ beachten.} Qb1 $1 44. Qe5+ Kf7 45. Kh4 Qc2 46. Kg5 Qg6+ $1 47. Kf4 Qb1 (47... Qc2 $11 {bleibt in der Remisbreite.}) 48. Qh5+ Ke7 $2 {[#]} (48... Kg7 $16) 49. Kg5 $1 $18 {[%cal Rg5h6]} Qc1+ $2 (49... Qc2 50. Qh6 Qd3) 50. Kg6 Qxc3 51. Qg5+ Kd7 {[#]} 52. Qe5 $2 (52. Qf6 $1 $18 {Und weiter mit g5 wäre nett.} Qc8 53. g5) 52... Qf3 $2 {[%mdl 8192]} (52... Qd3+ $11 53. Kf6 Qf3+ 54. Kg5 Qf7) 53. g5 Qe4+ 54. Kf6 Qh7 55. Qxe6+ Kd8 56. Qxd5+ {Precision: Weiß = 61%, Schwarz = 50%.} 1-0

[Event "Tata Steel India 2018-Rapid"]
[Site "Kolkata"]
[Date "2018.11.09"]
[Round "1"]
[White "Anand, Viswanathan"]
[Black "So, Wesley"]
[Result "1/2-1/2"]
[WhiteElo "2773"]
[BlackElo "2765"]
[Annotator "TA"]
[PlyCount "290"]
[EventDate "2018.11.09"]
[EventType "tourn"]
[EventCountry "IND"]
[SourceTitle "playchess.com"]
[Source "ChessBase"]
[SourceQuality "1"]

{[%evp 19,290,5,18,14,25,14,25,0,14,18,16,0,0,6,11,0,0,0,0,0,0,0,0,0,0,0,0,0,6,0,0,0,0,0,0,0,0,0,0,0,0,0,0,0,0,-8,-8,-8,0,0,0,0,0,0,-1,-8,-8,-22,-22,-22,0,0,0,0,0,-29969,-29970,-29969,153,153,153,153,153,153,153,153,153,153,153,153,202,202,202,202,202,202,202,202,202,33,202,202,202,202,202,202,202,202,202,202,202,202,202,202,202,202,202,202,202,202,202,0,0,0,202,202,202,202,202,202,202,202,202,202,202,202,202,202,202,202,202,202,202,0,202,202,202,202,202,202,202,202,202,0,202,202,202,202,202,202,202,202,202,202,202,202,202,202,202,202,202,202,202,202,202,202,202,0,0,0,4134,0,29983,29984,29984,29977,29979,29978,29980,29977,29979,29979,29978,29979,29979,29979,29979,29975,29973,0,0,0,0,0,0,0,0,0,0,0,0,0,4082,1502,229,0,0,0,0,0,0,0,29974,29974,29981,29982,29982,29981,29975,0,0,0,0,0,0,0,8,0,0,0,0,0,0,0,0,0,0,0,0,0,0,0,0,0,0,0,0,0,0,0,0,0,0,0,0,0,0,0,0,0,0,0,0,0,0,0,0,0,0,0,0,0,0]} 1. e4 e5 2. Nf3 Nc6 3. Bc4 Bc5 4. c3 Nf6 5. d3 O-O 6. O-O d6 7. Re1 h6 {C54: Giuoco Piano: 4 c3 Nf6, main lines with 5 d4 and 5 d3} 8. Nbd2 {[%cal Bb1d2,Bd2f1,Bf1g3][%mdl 32]} a6 9. a4 a5 10. Nf1 Be6 {LiveBook: 3 Games} 11. b3 d5 12. exd5 Nxd5 13. Bd2 Bd6 14. Ng3 Re8 {[#]} 15. Qc2 $146 ({Predecessor:} 15. h3 Rb8 {1-0 (48) Karjakin,S (2782)-Grischuk,A (2766) Leuven 2018}) 15... Nb6 16. Bxe6 Rxe6 17. d4 exd4 18. Rxe6 fxe6 19. cxd4 Bxg3 20. hxg3 Nxd4 21. Nxd4 Qxd4 22. Re1 Qd7 23. Re5 Rd8 24. Bxa5 Qd1+ 25. Qxd1 Rxd1+ 26. Re1 Rxe1+ 27. Bxe1 $11 {[%mdl 4096] Endgame KB-KN} Kf7 28. Kf1 e5 29. Ke2 Ke6 30. g4 Kd5 31. Kd3 Nd7 32. Bd2 e4+ 33. Kc3 Ne5 34. g5 h5 35. Bf4 Nd3 36. Bxc7 Nxf2 37. Bb6 Nd3 38. g3 Nc1 39. Bf2 $1 Ne2+ 40. Kd2 Nd4 41. Bxd4 Kxd4 {KP-KP} 42. a5 $2 {[%mdl 8192]} (42. b4 $11) 42... e3+ 43. Ke2 Kc3 $2 (43... g6 $1 44. Kf1 Kc3 45. Ke1 Kxb3 46. Ke2 Ka4 47. a6 bxa6 48. Kxe3 Kb3 49. Kf4 a5 50. Ke5 a4 51. Kf6 a3 52. Kxg6 a2 53. Kxh5 a1=Q 54. Kg6 Qe5 55. Kh6 Kc4 56. g6 Qh8+ 57. Kg5 Kd5 58. Kf4 Qf6+ 59. Ke3 Qxg6 60. Kf4 Kd4 61. Kf3 Qf6+ 62. Kg2 Ke3 63. Kh3 Kf3 64. Kh2 Qb2+ 65. Kh3 Qh8#) 44. Kxe3 $16 Kxb3 {K3P-K3P} 45. Ke4 Kb4 46. Kf5 {Black must now prevent Kg6.} Kxa5 {K3P-KPP} 47. Kg6 $1 {[%csl LRg7,LRh5]} b5 48. Kxg7 {KPP-KPP} b4 49. g6 {Threatens to win with Kh6.} b3 50. Kh6 $1 {And now g7 would win.} b2 51. g7 b1=Q 52. g8=Q $18 {Qa8+ would kill now. KQ-KQ} Qd1 53. Qg5+ Kb4 54. Qxh5 $2 (54. Qh4+ $18 Kb3 55. Qxh5 Qc1+ 56. Qg5 Qc6+ 57. Kh5) 54... Qd6+ $2 ({Better is} 54... Qc1+ $1 $14 55. Qg5 Qc6+ 56. Kh5 Qe8+ 57. Kh4 Qh8+ 58. Kg4 Qc8+ 59. Qf5 Qc3 60. Qe4+ Kc5 61. Qe7+ Kb6 62. Qd6+ Kb7) 55. Qg6 Qf8+ 56. Kg5 Qd8+ 57. Qf6 Qg8+ 58. Kh4 Qh7+ 59. Kg4 $1 Qg8+ 60. Kh3 Kc5 61. g4 Kd5 62. Kh4 Qh7+ 63. Kg5 Qg8+ 64. Qg6 Qd8+ 65. Kh5 Qh8+ $1 66. Kg5 Qd8+ 67. Kh6 $1 {White threatens Qd3+ and mate.} Qh8+ 68. Qh7 $1 {[%cal Rh7h8]} Qf6+ 69. Kh5 $1 Ke5 70. Qc7+ Kd5 71. g5 Qf3+ 72. Kh6 {Intending Qb7+ and mate.} Qe3 73. Qd7+ Kc4 74. Qc6+ Kb4 75. Kg6 Qd3+ 76. Kh6 Qe3 $1 77. Qd6+ Kb3 78. Kg6 Ka2 79. Qd5+ Ka3 80. Kg7 Qe7+ 81. Kg6 Qe3 $1 82. Kf6 {Strongly threatening g6.} Qf4+ 83. Qf5 Qd6+ 84. Kg7 {Qf8 is the strong threat.} Qd4+ 85. Kg8 Qc4+ 86. Qf7 Qg4 87. g6 Kb2 88. Qb7+ Ka1 89. Qc6 Kb1 90. Qb5+ Ka1 91. Qd3 {aiming for g7.} Qh5 92. Qe4 Qg5 93. g7 $2 (93. Kf7 $18 Kb2 94. Qe2+ Kb1 95. Qf1+ Ka2 96. Qf2+ Kb1 97. g7 Qd5+ 98. Kf6 Qd6+ 99. Kg5 Qd8+ 100. Kh6 Qd6+ 101. Kh5 Qd5+ 102. Kg4 Qe4+ 103. Kg5 Qe7+ 104. Qf6 Qe3+ 105. Kg4 Qe4+ 106. Kg5 Qe3+ 107. Kg4 Qe4+ 108. Kg5 Qe3+) 93... Qd8+ $11 94. Kh7 Qc7 $2 {[%mdl 8192]} (94... Qd7 $11 95. Qh1+ Ka2 96. Qa8+ Kb2 97. Qg2+ Kc1 98. Qf1+ Kd2) 95. Qg2 $2 (95. Qd4+ $1 $18 Ka2 96. Qd2+ Kb3 97. Qe3+ Ka4 98. Qe8+ Ka3 99. Qa8+ Kb2 100. Qg2+ Kb3 101. Qf2) 95... Qa7 $2 {[%mdl 8192]} (95... Qc2+ $11 96. Qg6 Qh2+ 97. Qh6 Qc2+ 98. Kh8 Qc3 99. Qa6+ Kb2 100. Qb6+ Ka3 101. Qa7+ Kb3 102. Qb7+ Kc2) 96. Qf1+ Kb2 97. Kg6 Qa8 98. Qe2+ Kb1 99. Qd3+ Ka1 100. Qd4+ Kb1 101. Qb4+ Ka1 102. Qc3+ Kb1 103. Qb3+ Ka1 104. Qe6 $2 (104. g8=Q Qg2+ 105. Kf5 Qc2+ 106. Kf6 Qxb3 $11) (104. Qd1+ $1 Kb2 105. Qe2+ Ka3 106. Qe3+ Ka4 107. Qf4+ Kb5 108. Qf1+ Kb6 109. Qf6+ Kb5 110. Qe6) 104... Qg2+ 105. Kh7 Qh1+ 106. Qh6 Qe4+ 107. Kh8 Qe5 108. Qh3 Kb1 109. Qg4 Qh2+ 110. Kg8 Ka1 $2 {[%mdl 8192]} (110... Qb8+ $11 111. Kf7 Qc7+ 112. Kf6 Qd8+ 113. Kf7 Qc7+ 114. Kg6 Qd6+ 115. Kg5 Qd8+ 116. Kh5 Qd5+ 117. Qg5 Qf3+ 118. Kh6 Qh1+ 119. Kg6 Qc6+ 120. Kh7 Qc7) 111. Qd4+ $1 $18 Kb1 {[#]} 112. Qb4+ $2 ({White must play} 112. Kf7 $1 $18 Qc7+ 113. Ke6 Qc6+ 114. Qd6 Qe4+ 115. Qe5 Qc6+ 116. Kf7 Qf3+ 117. Ke7 Qb7+ 118. Kd6 Qb6+ 119. Ke7 Qb7+ 120. Kd6 Qb6+ 121. Ke7 Qb7+) 112... Ka1 $11 113. Qc3+ Kb1 114. Kf7 Qf2+ 115. Qf6 Qa7+ $2 {[%mdl 8192] [#]} (115... Qa2+ $11 116. Qe6 Qa7+ 117. Kf6 Qd4+ 118. Qe5 Qb6+ 119. Kf5 Qf2+ 120. Kg6 Qg2+ 121. Kf7 Qf3+ 122. Ke8 Qc6+ 123. Ke7 Qb7+ 124. Kd8 Qa8+ 125. Kc7 Qa7+ 126. Kc8 Qa6+ 127. Kc7 Qa7+ 128. Kc8 Qa6+ 129. Kd8 Qb6+ 130. Ke8 Qc6+ 131. Kf8 Qc8+ 132. Ke7 Qb7+ 133. Ke6 Qc8+ 134. Kf7 Qd7+ 135. Kf6 Qc6+ 136. Ke7 Qb7+) 116. Kg6 $1 Qa8 117. Kh7 Qb7 118. Qf1+ Ka2 119. Kh8 $2 (119. Qe2+ {mates} Ka3 120. Qd3+ Kb2 121. Kh8 Qc6 122. g8=Q Qh6+ 123. Qdh7 Qf6+ 124. Qhg7) 119... Qb2 {The position is equal.} 120. Qc4+ Ka1 121. Qa4+ Kb1 122. Qe4+ Ka1 123. Kh7 ({Weaker is} 123. Qa8+ Kb1 $18) 123... Qh2+ 124. Kg6 Qd6+ 125. Kf7 Qc7+ 126. Qe7 Qc4+ 127. Qe6 Qc7+ 128. Kg6 Qc2+ 129. Qf5 Qg2+ 130. Kf7 Qb7+ 131. Kf6 Qb6+ 132. Kg5 Qe3+ 133. Qf4 Qg1+ 134. Kf6 Qb6+ 135. Kf5 Qb1+ 136. Qe4 Qf1+ 137. Ke6 Qa6+ 138. Kf7 Qa7+ 139. Qe7 Qa2+ 140. Qe6 Qa7+ 141. Kf8 Qa8+ 142. Kf7 Qa7+ 143. Qe7 Qa2+ 144. Kg6 Qc2+ 145. Kf7 Qa2+ {Precision: White = 59%, Black = 70%.} 1/2-1/2

[Event "Tata Steel India 2018-Rapid"]
[Site "Kolkata"]
[Date "2018.11.09"]
[Round "1"]
[White "Nakamura, Hikaru"]
[Black "Aronian, Levon"]
[Result "1/2-1/2"]
[WhiteElo "2746"]
[BlackElo "2765"]
[Annotator "TA"]
[PlyCount "93"]
[EventDate "2018.11.09"]
[EventType "tourn"]
[EventCountry "IND"]
[SourceTitle "playchess.com"]
[Source "ChessBase"]
[SourceQuality "1"]

{[%evp 25,93,15,12,14,14,8,20,20,20,21,13,16,13,20,11,12,20,19,25,11,20,20,22,22,22,22,23,0,31,1,10,0,0,0,0,0,0,0,0,0,0,0,0,0,0,0,0,0,0,0,0,0,0,0,0,0,0,0,0,0,0,0,0,0,0,0,0,0,0,0]} 1. e4 e5 2. Nf3 Nc6 3. Bb5 Nf6 4. O-O Nxe4 5. Re1 Nd6 6. Nxe5 Be7 7. Bf1 Nxe5 8. Rxe5 O-O 9. Nc3 {C67: Ruy Lopez: Berlin Defence: 4 0-0 Nxe4} (9. d4 Bf6 10. Re1 Re8 11. c3 Rxe1 12. Qxe1 Ne8 13. d5 c6 14. Nd2 cxd5 15. Nf3 d6 16. Be3 Nc7 17. Qd2 Bd7 18. g3 {½-½ (32) Giri,A (2780)-Caruana,F (2827) Batumi 2018}) 9... Ne8 10. Nd5 Bd6 11. Re1 c6 12. Ne3 Be7 13. c4 Nc7 {LiveBook: 39 Games} 14. d4 d5 15. cxd5 Bb4 16. Bd2 Bxd2 17. Qxd2 {Threatening dxc6.} Nxd5 18. Nxd5 Qxd5 {[#]} 19. Re5 $146 Qd6 20. Bc4 Bd7 21. Rae1 Rfe8 22. Qc3 Rxe5 23. dxe5 Qe7 24. Rd1 Be6 25. Bxe6 Qxe6 $11 {[%mdl 4096] Endgame KQR-KQR} 26. a3 Qf5 27. h3 (27. Qb4 {looks sharper.} b6 28. Qd6 h5 29. g3 Qe4 30. Qd4) 27... h5 {The position is equal.} 28. Qc5 Re8 29. Qxa7 Qc2 30. Qd4 Rxe5 31. Qxe5 {[#] White threatens Rd8+ and mate.} Qxd1+ {KQ-KQ} 32. Kh2 Qb3 33. h4 g6 34. f3 b5 35. Kg3 Qd1 36. Qe3 Qd6+ 37. f4 f6 38. Qe4 Kf7 39. Kh2 f5 40. Qe3 Qf6 41. Qb3+ Ke7 42. Qe3+ Kf8 43. Qf2 Qd6 44. Kg3 Qd3+ 45. Kh2 Qd6 46. Kg3 Qd3+ 47. Kh2 {Precision: White = 69%, Black = 75%.} 1/2-1/2

[Event "Tata Steel India 2018-Rapid"]
[Site "Kolkata"]
[Date "2018.11.09"]
[Round "1"]
[White "Harikrishna, Pentala"]
[Black "Ganguly, Surya Shekhar"]
[Result "1/2-1/2"]
[WhiteElo "2729"]
[BlackElo "2615"]
[Annotator "TA"]
[PlyCount "109"]
[EventDate "2018.11.09"]
[EventType "tourn"]
[EventCountry "IND"]
[SourceTitle "playchess.com"]
[Source "ChessBase"]
[SourceQuality "1"]

{[%evp 9,109,6,25,25,25,27,26,14,18,19,19,12,10,14,14,12,13,7,8,16,29,35,35,17,18,15,18,26,31,5,34,27,33,36,36,18,29,29,37,36,57,59,62,40,38,40,50,33,49,41,83,83,83,83,83,15,12,0,0,0,0,0,27,0,0,0,0,0,0,0,0,0,0,0,0,0,0,0,0,0,0,0,0,0,0,0,0,0,0,0,0,0,0,0,0,0,0,0,0,0,0,0]} 1. e4 c6 2. d4 d5 3. exd5 cxd5 4. Bf4 Nc6 5. c3 e6 {LiveBook: 4 Games} (5... Nf6 6. Bd3 Bg4 7. Qb3 Qc8 8. Nd2 e6 9. Ngf3 Bh5 10. O-O Be7 11. Rae1 a6 12. Qc2 Bg6 13. Ne5 Nxd4 14. Qa4+ Nc6 15. Nxg6 hxg6 16. Nf3 b5 17. Qd1 Qd7 18. a4 bxa4 19. Qxa4 {1-0 (84) Nakamura,H (2780)-Topalov,V (2749) Saint Louis 2017}) 6. Nd2 {B13: Caro-Kann: Exchange Variation and Panov-Botvinnik Attack} Nge7 7. Bd3 $146 ({Predecessor:} 7. Ngf3 Ng6 8. Bg3 h5 9. h4 Bd6 10. Bd3 Bxg3 11. fxg3 {0-1 (38) Trofimchuk,V (1857)-Chuprova,I (1919) St Petersburg 2011}) 7... Ng6 8. Bg3 {White has an edge.} Bd6 9. Ne2 e5 10. Bxg6 hxg6 11. dxe5 Bxe5 12. Bxe5 Nxe5 13. Qa4+ Bd7 14. Qd4 Qf6 15. O-O O-O 16. f4 ({Don't blunder} 16. Qxd5 $2 Bc6 $19) 16... Ng4 17. Qxf6 ({Much worse is} 17. Qxd5 Bc6 $17) 17... Nxf6 18. Nd4 Rfe8 19. N2f3 Ng4 20. Rfe1 f6 21. Nc2 Bf5 22. h3 (22. Nfd4 {keeps more tension.} Rxe1+ 23. Rxe1 Be4 24. Ne3 Nxe3 25. Rxe3 Kf7 26. Kf2) 22... Bxc2 23. hxg4 Be4 24. Nd4 g5 25. fxg5 fxg5 26. Rad1 Rad8 27. Rd2 a6 28. Red1 Rd6 29. Nf3 Rf8 30. Nxg5 Rg6 31. Nxe4 dxe4 $16 {[%mdl 4096] Endgame KRR-KRR} 32. Rd8 ({White should try} 32. Re2 $16) 32... Rxg4 $11 33. R1d7 Rgf4 34. Rxf8+ Kxf8 {KR-KR} 35. Rd4 Kf7 36. g3 Rf3 {The position is equal.} 37. Kg2 Re3 38. Rd7+ Kf6 39. Rxb7 Re2+ 40. Kf1 Rc2 41. a4 g5 42. a5 Kf5 43. b4 Rxc3 44. Rb6 Rb3 45. Rxa6 Rxb4 46. Rb6 Ra4 47. Rb5+ Kg4 48. Kf2 Ra3 49. Re5 e3+ 50. Ke2 Kh5 51. Kf3 e2+ 52. Kxe2 Rxg3 53. Re3 Rg2+ 54. Kd3 Ra2 55. Re5 {Precision: White = 70%, Black = 67%.} 1/2-1/2

[Event "Tata Steel India 2018-Rapid"]
[Site "Kolkata"]
[Date "2018.11.09"]
[Round "1"]
[White "Nihal Sarin"]
[Black "Karjakin, Sergey"]
[Result "1/2-1/2"]
[WhiteElo "2576"]
[BlackElo "2753"]
[Annotator "TA"]
[PlyCount "81"]
[EventDate "2018.11.09"]
[EventType "tourn"]
[EventCountry "IND"]
[SourceTitle "playchess.com"]
[Source "ChessBase"]
[SourceQuality "1"]

{[%evp 18,81,45,54,48,45,59,54,61,37,41,38,44,43,46,37,39,38,44,46,46,45,49,47,40,20,49,41,40,32,41,38,39,18,23,18,33,18,35,20,29,27,28,30,28,28,31,17,33,21,18,0,36,0,32,0,0,0,0,0,0,0,0,0,0,0]} 1. e4 c6 2. Nf3 d5 3. exd5 cxd5 4. Ne5 Nf6 5. d4 g6 6. c3 {B10: Caro-Kann: 2 d3 and 2 c4} Bg7 7. Bd3 O-O 8. O-O Nc6 9. Qe2 Bf5 10. Bxf5 {LiveBook: 3 Games} gxf5 11. Nd3 $146 ({Predecessor:} 11. Bf4 Qb6 12. Rd1 Rfe8 {1-0 (27) Andreikin,D (2710)-Kutirov,R (2323) Struga 2018}) 11... e6 12. Bg5 Ne7 {[%cal Bc6e7,Be7c8,Bc8d6,Bd6e4][%mdl 32]} 13. Bxf6 Bxf6 14. Nf4 Nc8 15. Nd2 {[%cal Bb1d2,Bd2f3,Bf3e5][%mdl 32]} Nd6 16. Nh5 Kh8 17. Nf3 Rg8 18. Ne5 Qe7 19. Rad1 Rad8 20. Rd3 Ne4 21. Rh3 Ng5 22. Rg3 Ne4 23. Rxg8+ Kxg8 24. f3 Nd6 25. Nxf6+ (25. Re1 {keeps more tension.} h6 26. g3 Kh7 27. Kg2 Bh8 28. Nd3) 25... Qxf6 26. Nd3 Qh6 27. Re1 Nc4 28. Ne5 Nxe5 29. Qxe5 $11 {[%mdl 4096] Endgame KQR-KQR} Qd2 30. Re2 Qc1+ 31. Kf2 $1 Rc8 32. Qg3+ Kf8 33. Qd6+ Kg7 $1 34. Qg3+ Kf8 35. Qd6+ Kg7 $1 36. Qd7 Rc6 {The position is equal.} 37. Qxb7 Rb6 38. Qc7 Rxb2 39. Qg3+ Kf8 40. Qd6+ $1 Kg7 41. Qg3+ {Precision: White = 45%, Black = 64%.} 1/2-1/2

[Event "Tata Steel India 2018-Rapid"]
[Site "Kolkata"]
[Date "2018.11.09"]
[Round "2"]
[White "Aronian, Levon"]
[Black "Nihal Sarin"]
[Result "1-0"]
[WhiteElo "2765"]
[BlackElo "2576"]
[Annotator "TA"]
[PlyCount "95"]
[EventDate "2018.11.09"]
[EventType "tourn"]
[EventCountry "IND"]
[SourceTitle "playchess.com"]
[Source "ChessBase"]
[SourceQuality "1"]

{[%evp 13,95,-7,35,0,43,55,39,37,39,40,21,0,0,0,0,0,0,0,0,-51,-30,-63,0,0,0,0,0,0,0,0,0,0,0,0,12,17,26,30,17,2,66,45,61,70,67,60,88,73,162,162,175,173,170,170,170,161,210,205,207,197,252,259,406,411,639,635,704,714,664,662,655,650,539,650,598,595,713,654,735,718,729,686,656,623]} 1. e4 e5 2. Nf3 Nc6 3. Bb5 f5 4. d3 fxe4 5. dxe4 Nf6 6. Bg5 Bc5 7. Nc3 {C63: Ruy Lopez: Schliemann/Jaenisch Defence} d6 {LiveBook: 11 Games} 8. Nd5 {Hoping for Nxe5.} (8. Bxf6 Qxf6 9. Nd5 Qd8 10. b4 Bb6 11. O-O Bg4 12. a4 O-O 13. Be2 Bxf3 14. Bxf3 a6 15. Nxb6 cxb6 {½-½ (30) Ivanchuk,V (2779)-Radjabov,T (2761) Linares 2009}) 8... Be6 (8... Bxf2+ $5 9. Kxf2 Nxe4+ 10. Kg1 Nxg5 11. Nxg5 Qxg5 $11) 9. Bxf6 $146 {White is slightly better.} ({Predecessor:} 9. O-O O-O 10. Bc4 Qd7 11. Qd3 Kh8 12. Be3 Bxe3 13. Nxe3 Nh5 14. Bxe6 Qxe6 {½-½ (30) Barre,A-Barbini,D (2159) Agneaux 2001}) 9... gxf6 10. b4 Bxd5 11. exd5 Bxb4+ 12. Kf1 a6 13. Ba4 ({Don't do} 13. dxc6 axb5 14. cxb7 Rb8 $16) 13... b5 14. dxc6 {[#] aiming for Bb3.} bxa4 15. Nh4 $1 Qe7 $1 {[%cal Re7e6]} 16. Qg4 (16. Nf5 $11 Qf8 17. Qg4) 16... Bc5 17. Nf5 Qf7 (17... h5 $1 $15 18. Qxa4 Qh7) 18. Ng7+ $11 Ke7 (18... Kf8 $5 19. Ne6+ $8 Ke8 $11) 19. Qd7+ Kf8 20. Ne6+ Kg8 21. Nxc5 dxc5 22. Rd1 h5 $1 ({But not} 22... Qxa2 $6 23. Qxc7 Qxc2 24. Qd7 $14) 23. Ke2 Rh7 (23... Qxa2 {with more complications.} 24. Qxc7 Qxc2+ 25. Ke3 Rf8 26. Rd7 Qb3+) 24. Qxf7+ Rxf7 {[%mdl 4096] Endgame KRR-KRR} 25. Rd5 Rb8 26. Rxc5 Rb2 (26... Rg7 $11) 27. a3 $14 Re7 28. Rd1 Kf7 29. Rd8 Rb6 30. Rh8 Ke6 (30... Kg6 $16 {might work better.}) 31. Rxh5 $18 Kd6 32. Rc3 Rxc6 33. Rxc6+ Kxc6 {KR-KR} 34. Rh4 Re6 35. Rxa4 Kd7 36. Rc4 Kd6 (36... f5 $142 37. Rc5 Rc6 38. Rxc6 (38. Rxe5 Rxc2+ 39. Kf3 Rc3+ 40. Re3 Rc4 $16) 38... Kxc6) 37. g4 Kd5 (37... Re8 $142 38. h4 a5) 38. Rxc7 e4 (38... Re8 $142 39. c4+ Kd6) 39. h4 {White is clearly winning.} Rb6 40. Ke3 Rb1 41. Rd7+ Ke6 42. Rd4 f5 43. Kf4 fxg4 44. Rxe4+ Kf6 45. Kxg4 Rb2 46. Rc4 Ra2 47. Rc3 a5 48. h5 {Precision: White = 80%, Black = 42%.} 1-0

[Event "Tata Steel India 2018-Rapid"]
[Site "Kolkata"]
[Date "2018.11.09"]
[Round "2"]
[White "Karjakin, Sergey"]
[Black "Anand, Viswanathan"]
[Result "1/2-1/2"]
[WhiteElo "2753"]
[BlackElo "2773"]
[Annotator "TA"]
[PlyCount "62"]
[EventDate "2018.11.09"]
[EventType "tourn"]
[EventCountry "IND"]
[SourceTitle "playchess.com"]
[Source "ChessBase"]
[SourceQuality "1"]

{[%evp 26,62,4,0,0,0,0,0,0,0,0,0,0,0,0,0,0,0,0,0,12,-9,0,0,0,0,0,0,0,0,10,0,3,-6,0,0,0,0,0]} 1. e4 {Marin,M} e5 2. Nf3 Nc6 3. Bc4 Bc5 4. O-O Nf6 5. d3 O-O 6. Nbd2 d6 7. c3 a6 8. Bb3 Ba7 9. h3 h6 10. Re1 Re8 {C54: Giuoco Piano: 4 c3 Nf6, main lines with 5 d4 and 5 d3} 11. Nh2 Be6 12. Qf3 Bxb3 13. axb3 Qd7 14. Ndf1 {LiveBook: 10 Games. The position is equal.} Qe6 15. b4 Ne7 16. Ng3 c6 17. Ng4 Nxg4 {[#]} 18. Qxg4 $146 ({Predecessor:} 18. hxg4 d5 19. Nf5 Rad8 20. g3 f6 21. Kg2 dxe4 22. dxe4 Nxf5 23. gxf5 Qc4 24. Be3 Bxe3 {½-½ (24) Leko,P (2751)-Kramnik,V (2769) Mexico City 2007 CBM 120 [Marin,M]}) 18... Qxg4 19. hxg4 d5 20. Be3 Bxe3 21. Rxe3 Rad8 22. Rd1 f6 23. Ne2 Nc8 24. Nc1 Nd6 25. exd5 cxd5 26. Nb3 Kf7 27. Kf1 Re7 28. Rde1 Rc7 29. Rf3 Re8 30. Rfe3 Rd8 31. Rf3 Re8 {Precision: White = 77%, Black = 56%.} 1/2-1/2

[Event "Tata Steel India 2018-Rapid"]
[Site "Kolkata"]
[Date "2018.11.09"]
[Round "2"]
[White "Harikrishna, Pentala"]
[Black "Mamedyarov, Shakhriyar"]
[Result "1-0"]
[WhiteElo "2729"]
[BlackElo "2817"]
[Annotator "TA"]
[PlyCount "83"]
[EventDate "2018.11.09"]
[EventType "tourn"]
[EventCountry "IND"]
[SourceTitle "playchess.com"]
[Source "ChessBase"]
[SourceQuality "1"]

{[%evp 18,83,29,36,28,19,18,31,29,39,34,31,47,49,58,54,65,60,54,59,79,3,47,10,25,0,4,6,0,0,0,-25,0,-36,0,0,73,73,73,73,73,73,73,73,73,76,81,46,47,49,61,46,81,68,121,29,59,0,104,101,5269,5269,5257,5257,4898,2725,2788,2716]} 1. e4 {[%cal Be2e4,Be4e5][%mdl 32] Kasimdzhanov,R} c6 2. d4 d5 3. e5 Bf5 4. Nf3 e6 5. Be2 Ne7 6. O-O c5 7. c4 Nbc6 8. dxc5 {B12: Caro-Kann: Advance Variation} dxc4 9. Bxc4 (9. Na3 Nd5 10. Nxc4 Bxc5 11. Bg5 Qd7 12. a3 O-O 13. b4 Bb6 14. Rc1 h6 15. Be3 Rfd8 16. Bxb6 Nxb6 17. Qxd7 Rxd7 {1-0 (67) Vachier Lagrave,M (2779)-Mamedyarov,S (2801) Saint Louis 2018}) 9... Ng6 10. Be3 {LiveBook: 3 Games. White has an edge.} Be7 11. Nc3 O-O 12. Be2 Qb8 13. Nd2 {g4 is the strong threat.} Rd8 14. f4 {[#]} Nb4 $146 ({Predecessor:} 14... Nd4 15. Nce4 Bxe4 16. Nxe4 {½-½ (35) Kasimdzhanov,R (2696)-Nisipeanu,L (2687) Baku 2016 CBM 175 [Kasimdzhanov,R]}) 15. Rc1 b6 16. c6 {aiming for Nb5.} Nxc6 17. Bf3 Qb7 18. Nb5 Rac8 19. Nd4 ({White should try} 19. Rxc6 $16 Rxc6 20. Nd4 Rxd4 21. Bxc6 (21. Bxd4 Qd7 $11) 21... Qxc6 22. Bxd4) 19... Bc5 20. Nxf5 ({Reject} 20. Bxc6 Rxc6 21. Nxf5 exf5 $15) (20. N2b3 {looks sharper.} Qa6 21. Bxc6 Rxc6 22. Qf3 Rcc8 23. Nxf5 exf5 24. Nxc5 bxc5 25. Bxc5 Rd2 26. Rf2) 20... exf5 21. Qe1 Qa6 22. Bxc5 bxc5 23. Bxc6 ({Not} 23. Rxc5 $2 Qb6 $19) 23... Rxc6 24. a3 Rd4 25. Qe3 Rd3 26. Qe2 c4 {[#]} (26... Nf8 $11 {remains equal.}) 27. Nxc4 $1 $16 {[%mdl 512]} Rd4 {[%cal Rd4c4]} (27... Rxc4 28. Qxd3) 28. b3 Rxf4 29. Rxf4 Nxf4 30. Qf3 Ne6 31. Qxf5 Qb5 32. Qd3 (32. Rc3 {is interesting.} Qc5+ 33. Qf2 Kf8 34. Re3 Qd4 35. Qf3) 32... Qc5+ 33. Kf1 h6 34. Rd1 Qb5 35. Kg1 Nc5 (35... Rc8 $14) 36. Qc2 (36. Qd5 $16 {Black must now prevent b4.} a6 37. b4) 36... Ne6 37. Qd3 Nc5 $1 {[%cal Rc5d3]} 38. Qf3 $40 {[%mdl 128] White attacks with force.} Nxb3 $2 {[%mdl 8192]} (38... Qxb3 $16 39. Rd8+ Kh7 40. Qxc6 Qb1+ 41. Kf2 Qc2+ 42. Ke1 Qxc4) 39. Rd8+ $18 {White is clearly winning.} Kh7 40. Qf5+ Rg6 41. Qxf7 {[%csl Gd8][%cal Rf7g8] [#]} Rc6 42. Qf5+ {Precision: White = 58%, Black = 56%.} 1-0